¿Contrarios? : (Registro nro. 30684)

Detalles MARC
000 -LEADER
fixed length control field 00469nam a22001337a 4500
008 - FIXED-LENGTH DATA ELEMENTS--GENERAL INFORMATION
fixed length control field 240220b |||||||| |||| 00| 0 eng d
020 ## - INTERNATIONAL STANDARD BOOK NUMBER
International Standard Book Number 9786077355298
082 ## - DEWEY DECIMAL CLASSIFICATION NUMBER
Classification number A
Item number BREC
100 ## - MAIN ENTRY--PERSONAL NAME
Personal name Brenifier, Oscar
Relator term autor
9 (RLIN) 43482
245 ## - TITLE STATEMENT
Title ¿Contrarios? :
Remainder of title Un libro para ejercitar el arte de pensar /
Statement of responsibility, etc. Oscar Brenifier; ilustrador por Jacques Després
260 ## - PUBLICATION, DISTRIBUTION, ETC.
Place of publication, distribution, etc. Mexico:
Name of publisher, distributor, etc. Oceano editores,
Date of publication, distribution, etc. 2015
300 ## - PHYSICAL DESCRIPTION
Extent 39 páginas:
Other physical details Ilustraciones a color;
Dimensions 21 cm.
942 ## - ADDED ENTRY ELEMENTS (KOHA)
Source of classification or shelving scheme Dewey Decimal Classification
Existencias
Withdrawn status Lost status Source of classification or shelving scheme Damaged status Not for loan Home library Current library Shelving location Date acquired Total Checkouts Full call number Barcode Date last seen Date last checked out Copy number Price effective from Koha item type Public note
    Dewey Decimal Classification     Biblored Biblioteca Pública José María del Castillo y Rada Children's Area 02/16/2024 2 A BREC 35714005522048 04/01/2024 04/01/2024 Ej. 1 02/20/2024 Books Material interbibliotecario Bibliored